Algebraic surfaces /
Guardado en:
| Autor Principal: | |
|---|---|
| Formato: | Libro |
| Idioma: | English |
| Publicado: |
New York :
Chelsea,
1948.
|
| Series: | Ergebnisse der Mathematik und ihrer Grenzgebiete ;
3. Bd., 5 |
| Etiquetas: |
Agregar Etiqueta
Sin Etiquetas, Sea el primero en etiquetar este registro!
|
| LEADER | 00627nam a22001815a 4500 | ||
|---|---|---|---|
| 001 | MAT.inmabb001625 | ||
| 008 | 031124r19481935nyu######b####001#0#eng#d | ||
| 005 | 20130304115000.0 | ||
| 245 | 1 | 0 | |a Algebraic surfaces / |c by O. Zariski. |
| 260 | |a New York : |b Chelsea, |c 1948. | ||
| 300 | |a v, 198 p. ; |c 23 cm. | ||
| 440 | 0 | |a Ergebnisse der Mathematik und ihrer Grenzgebiete ; |v 3. Bd., 5 | |
| 500 | |a Publicado originalmente: Berlin : J. Springer, 1935. | ||
| 504 | |a Bibliografía: p. 190-197. | ||
| 100 | 1 | |a Zariski, Oscar, |d 1899-1986. | |
| 084 | |a 14-02 (14Jxx 32Jxx) |2 msc2000 | ||
| 010 | |a 49002198 | ||
| 859 | |h 14 |i Z37 |p A-2036 |b BIB. MATEMATICA | ||
